Представление документа в формате RUSMARC

ПолеНазваниеЗначение
  Тип записи a
  Библиографический уровень m
001 Контрольный номер RU/SLIB/B/208740868
005 Дата корректировки 20201206204055.4
010 Индекс ISBN __
d Цена 1-30
101 Язык документа __
a Язык текста rus
200 Заглавие и сведения об ответственности 1_
a Заглавие Созвездие кактусов
e Сведения, относящиеся к заглавию зап. любителя
b Общее обозначение материала Текст
205 Сведения об издании __
a Основные сведения об издании 2-е изд., доп.
210 Выходные данные __
a Место издания Свердловск
c Издательство Сред.-Урал. кн. изд-во
d Дата издания 1982
215 Физическое описание __
a Объем 256 с.
606 Тематические рубрики __
a Основная рубрика Сельское хозяйство
606 Тематические рубрики __
a Основная рубрика Садоводство в целом
606 Тематические рубрики __
a Основная рубрика Декоративные растения
610 Ключевые слова __
a Ключевые слова кактусы; цветы; цветоводство; комнатное цветоводство
686 Индексы других классификаций __
a Классификационный индекс 42.374.8; ст42.3
700 Автор _1
a Фамилия Никонов
b Имя Н. Г.
4 Код отношения 070
801 Источник записи _0
a Страна RU
b Организация Муниципальное бюджетное учреждение культуры "Централизованная библиотечная система" г. Сургут (Центральная городская библиотека им. А. С. Пушкина)
g Правила каталогизации КиК/Елгина
801 Источник записи _1
a Страна RU
b Организация Муниципальное бюджетное учреждение культуры "Централизованная библиотечная система" г. Сургут (Центральная городская библиотека им. А. С. Пушкина)
g Правила каталогизации КиК/Елгина
852 Данные о местонахождении __
j Шифр хранения 42.374.8
c Каталожный индекс 42.374
i Авторский знак Н 64
p Инвентарный номер 11477
901 Тип документа __
t Тип документа m
990 Данные о заказе (DOS) __
j Количество экземпляров (DOS) 4